Did Somebody Say - Katy Perry - All Lyrics - Statistics

General Stats
  • This quiz has been taken 7 times
  • The average score is 171 of 330
Answer Stats
Answer % Correct
I
100%
my
100%
a
80%
A
80%
(Did
80%
Did
80%
Eat?)
80%
Eat?
80%
Just
80%
me
80%
me,
80%
say
80%
some
80%
somebody
80%
curry
60%
ding-ding
60%
Ding-dong
60%
do
60%
dong
60%
hurry
60%
in
60%
on
60%
Ring-a-ding
60%
the
60%
when
60%
When
60%
(When
60%
you're
60%
And
40%
Extra
40%
extra
40%
get
40%
go
40%
is
40%
it
40%
it)
40%
Katy
40%
low
40%
low,
40%
one
40%
one,
40%
out
40%
Perry
40%
phone
40%
pull
40%
sauce
40%
three
40%
to
40%
tub
40%
two,
40%
Want
40%
want
40%
Yeah,
40%
yeah,
40%
açai
20%
all
20%
Appétit
20%
Back
20%
ballad
20%
Bon
20%
California
20%
'Cause
20%
cheese
20%
chicken
20%
club
20%
cream,
20%
delivery
20%
Download,
20%
Easy:
20%
Eating
20%
from
20%
girl
20%
Gotta
20%
gotta
20%
ice
20%
I'm
20%
latte
20%
little
20%
make
20%
Margherita
20%
means
20%
Mocha-whip
20%
movie
20%
Need
20%
now
20%
only
20%
orderin'
20%
Papaya
20%
place
20%
ready
20%
running
20%
salad
20%
sing
20%
Spicy
20%
subs
20%
sushi
20%
swirl
20%
there's
20%
this
20%
treat
20%
triple-shot,
20%
watch
20%
what
20%
while
20%
with
20%
No matching quizzes found
Score Distribution
Percent of People with Each Score
Percentile by Number Answered
Your Score History
You have not taken this quiz